[Event "19th Russian Team Championship"]
[Site "Sochi (Loo)"]
[Date "2012.04.14"]
[Round "6"]
[White "Danin, Alexandre"]
[Black "Landa, Konstantin"]
[Result "0-1"]
[WhiteElo "2539"]
[BlackElo "2645"]
[PlyCount "148"]
[EventDate "2012.04.09"]

1. d4 d5 2. c4 e6 3. Nc3 Nf6 4. Bg5 Be7 5. Nf3 h6 6. Bxf6 Bxf6 7. e3 O-O 8. Qc2
c5 9. dxc5 dxc4 10. Bxc4 Qa5 11. O-O Bxc3 12. Qxc3 Qxc3 13. bxc3 Nd7 14. c6
bxc6 15. Rfd1 Nb6 16. Bd3 c5 17. Bb5 Bb7 18. Ne5 Rfd8 19. Bc6 Rxd1+ 20. Rxd1
Bxc6 21. Nxc6 Nd5 22. Rd3 Kf8 23. Kf1 c4 24. Rd4 Rc8 25. Nxa7 Rc5 26. a4 Nxc3
27. Nb5 Nxa4 28. Na3 Nb6 29. Ke1 Ke7 30. Rd1 f5 31. Rb1 Nc8 32. Nc2 Nd6 33. Nd4
e5 34. Nc2 Rb5 35. Ra1 Rb2 36. Kd1 Ne4 37. f3 Nc5 38. Ra7+ Ke6 39. Kd2 Rb3 40.
Rxg7 c3+ 41. Ke2 Rb2 42. Kd1 e4 43. Rc7 Kd6 44. Rc8 exf3 45. gxf3 Rb4 46. Ke2
Rh4 47. Nd4 Rxh2+ 48. Ke1 Na4 49. Rc6+ Kd7 50. Ra6 Nc5 51. Rf6 c2 52. Nxc2 Rxc2
53. Rxf5 Nb3 54. Rh5 Rc6 55. Kf2 Ke7 56. Ra5 Nc5 57. Kg3 Nd7 58. Rh5 Kf7 59.
Rd5 Nf6 60. Rd3 Kg6 61. Rd2 Rc3 62. Kf2 Kf5 63. Ra2 Rc5 64. Rb2 h5 65. Kg3 Rc3
66. Rb5+ Kg6 67. Kf4 Rc1 68. Rg5+ Kh6 69. Ra5 Rg1 70. e4 h4 71. Ra8 h3 72. Ra2
Rg2 73. Ra1 h2 74. Rh1 Nh5+ 0-1

[Event "19th Russian Team Championship"]
[Site "Sochi (Loo)"]
[Date "2012.04.14"]
[Round "6"]
[White "Grishchenko, Sergey"]
[Black "Dobrov, Vladimir"]
[Result "1-0"]
[WhiteElo "2498"]
[BlackElo "2492"]
[PlyCount "89"]
[EventDate "2012.04.09"]

1. d4 Nf6 2. c4 c5 3. d5 b5 4. cxb5 a6 5. bxa6 g6 6. Nc3 Bxa6 7. e4 Bxf1 8.
Kxf1 d6 9. Nf3 Nbd7 10. h3 Bg7 11. Kg1 O-O 12. Kh2 Qb6 13. Re1 Rfb8 14. Re2 Ne8
15. Rc2 Nc7 16. Bg5 Na6 17. a3 c4 18. Qf1 Qc7 19. Nd1 Nb6 20. Be3 Nc5 21. Nd2
c3 22. Nxc3 Nca4 23. Nxa4 Qxc2 24. Nxb6 Rxb6 25. Rc1 Rxb2 26. Rxc2 Rxc2 27. Qb5
Be5+ 28. g3 Rxa3 29. Nc4 Rxe3 30. Nxe3 Rxf2+ 31. Kg1 Rf3 32. Ng4 Bd4+ 33. Kg2
Ra3 34. Qe8+ Kg7 35. Qxe7 Ra2+ 36. Kf1 h5 37. Qxd6 hxg4 38. hxg4 Rf2+ 39. Ke1
Rf3 40. Kd2 Rf6 41. Qc7 Rf3 42. e5 Kh6 43. Qe7 Re3 44. Qf8+ Kg5 45. Qd8+ 1-0

[Event "19th Russian Team Championship"]
[Site "Sochi (Loo)"]
[Date "2012.04.14"]
[Round "6"]
[White "Babiy, Anatoly"]
[Black "Gutov, Andrey"]
[Result "0-1"]
[WhiteElo "2452"]
[BlackElo "2412"]
[PlyCount "70"]
[EventDate "2012.04.09"]

1. Nf3 Nf6 2. c4 e6 3. Nc3 d5 4. d4 Bb4 5. e3 O-O 6. Bd3 c5 7. a3 Bxc3+ 8. bxc3
Qc7 9. cxd5 cxd4 10. O-O dxe3 11. d6 exf2+ 12. Rxf2 Qc5 13. h3 e5 14. Bg5 Nbd7
15. Bf5 g6 16. Bxd7 Ne4 17. Raa2 Bxd7 18. Be7 Rfe8 19. Ng5 Nxf2 20. Rxf2 Bf5
21. g4 Rxe7 22. dxe7 Qxe7 23. Nxf7 Qxf7 24. gxf5 gxf5 25. Rd2 Kh8 26. Kh1 Rg8
27. Rd8 Qe7 28. Rxg8+ Kxg8 29. Qg1+ Kf7 30. Qxa7 e4 31. Qa5 Kg6 32. Qb6+ Kh5
33. Qb5 Kg5 34. Qd5 Kf4 35. Kg1 Qg7+ 0-1

[Event "19th Russian Team Championship"]
[Site "Sochi (Loo)"]
[Date "2012.04.14"]
[Round "6"]
[White "Bachin, Vitaly"]
[Black "Cheremnova, Tamara"]
[Result "1-0"]
[WhiteElo "2454"]
[BlackElo "2255"]
[PlyCount "75"]
[EventDate "2012.04.09"]

1. e4 c6 2. d4 d5 3. f3 dxe4 4. fxe4 e5 5. Nf3 Bg4 6. Bc4 Nd7 7. O-O Ngf6 8.
Nbd2 Bd6 9. h3 Bh5 10. c3 b5 11. Bb3 O-O 12. Qe1 Qb6 13. Kh1 Rae8 14. Bc2 Bg6
15. Qh4 Qc7 16. dxe5 Nxe5 17. Nd4 Qd8 18. Nf5 Bb8 19. Nb3 Nfd7 20. Qxd8 Rxd8
21. a4 bxa4 22. Rxa4 Rfe8 23. g4 f6 24. Rd4 c5 25. Rdd1 c4 26. Na5 Nc5 27. Ne7+
Kf7 28. Nxg6 hxg6 29. Rd4 Ne6 30. Rd5 Rh8 31. Kg2 Rxd5 32. exd5 Nc5 33. Bf4 Rd8
34. Bxe5 Bxe5 35. Nxc4 Rxd5 36. b4 Ne6 37. Be4 Rb5 38. Bc6 1-0

[Event "19th Russian Team Championship"]
[Site "Sochi (Loo)"]
[Date "2012.04.14"]
[Round "6"]
[White "Vdovytchenko, Sergey"]
[Black "Mokshanov, Alexey"]
[Result "0-1"]
[WhiteElo "1953"]
[BlackElo "2399"]
[PlyCount "98"]
[EventDate "2012.04.09"]

1. e4 e6 2. d4 d5 3. exd5 exd5 4. Nf3 Bd6 5. Bg5 Ne7 6. Be2 Bf5 7. Nbd2 Nbc6 8.
c3 Qd7 9. Bh4 Ng6 10. Bg3 Nf4 11. O-O f6 12. Nb3 b6 13. Bb5 a6 14. Re1+ Kf7 15.
Bf1 g5 16. Nc1 h5 17. Nd3 Bxd3 18. Bxd3 h4 19. Bxf4 Bxf4 20. Qc2 Ne7 21. g3 Rh6
22. Rxe7+ Qxe7 23. gxf4 g4 24. Ne1 g3 25. h3 Rg8 26. Ng2 gxf2+ 27. Kxf2 Kf8 28.
Bf5 Rg3 29. Bg4 Kf7 30. Re1 Rxg2+ 31. Kxg2 Qxe1 32. Qf5 Qe4+ 33. Qxe4 dxe4 34.
Bf5 Rh8 35. Bxe4 Kf8 36. Kf2 Rg8 37. Bf5 Ke7 38. Bg4 Kd6 39. Ke3 Re8+ 40. Kd3
a5 41. a3 Re1 42. Bf5 Rb1 43. b4 a4 44. Kc2 Rf1 45. Bc8 Rxf4 46. Kd3 Rf3+ 47.
Kd2 f5 48. b5 Rxh3 49. Bxf5 Rg3 0-1